Statistics for Name a Formula One team A-Z

Click here to take the quiz!

General Stats

  • This quiz has been taken 444 times
  • The average score is 14 of 20

Answer Stats

LetterTeams% Correct
AAFM | AGS | Alfa Romeo | + 12 others
99%
MManor | March | Martini | + 11 others
99%
FFerguson | Ferrari | Fittipaldi (Copersucar) | + 6 others
98%
RRacing Point | RE | Red Bull | + 5 others
96%
BBAR | Behra-Porsche | Bellasi | + 7 others
91%
HHaas | Hesketh | Hill | + 3 others
90%
WWilliams | Wolf
86%
TTalbot-Lago | Tecno | Tec-Mec | + 6 others
80%
JJaguar | Jordan | JBW
79%
LLigier | Lola | Lotus | + 10 others
79%
PPacific | Parnelli | Penske | + 2 others
77%
SSauber | Scarab | Scirocco | + 11 others
73%
CCaterham | Cisitalia | Coloni | + 3 others
71%
VVanwall | Venturi | Veritas | Virgin
59%
ZZakspeed
43%
DDallara | De Klerk | De Tomaso | Derrington–Francis
42%
EEagle | Eifelland | Emeryson | + 5 others
33%
OOSCA | Onyx | Osella
30%
KKauhsen | Klenk | Kojima | Kurtis
19%
GGilby | Gordini | Greifzu
16%

Score Distribution

Percentile by Number Answered

Percent of People with Each Score

Your Score History

You have not taken this quiz